LEADER 00831nam a22002411i 4500 001 991000374039707536 005 20040114083709.0 008 040204s1971 it |||||||||||||||||ita 035 $ab12606595-39ule_inst 035 $aARCHE-061379$9ExL 040 $aDip. SSC$bita$cA.t.i. Arché s.c.r.l. Pandora Sicilia s.r.l. 082 04$a808.899 100 1 $aRodari, Gianni$0160819 245 10$aFavole al telefono /$cGianni Rodari 260 $aTorino :$bEinaudi,$c1971 300 $aXII, 141 p. ;$c28 cm 440 4$aGli struzzi 907 $a.b12606595$b02-04-14$c12-02-04 912 $a991000374039707536 945 $aLE021 DI4C33$g1$i2021000181917$lle021$o-$pE0.00$q-$rl$s- $t0$u5$v1$w5$x0$y.i13088221$z12-02-04 996 $aFavole al telefono$9278584 997 $aUNISALENTO 998 $ale021$b12-02-04$cm$da $e-$fita$git $h0$i1